000 00660nam a2200277Ia 4500
005 20260324125123.0
008 008 260324s9999 xx 000 0 eng d
020 _a9780203891629
037 _aEBOOK
040 _aCRL
040 _beng
040 _cCRL
041 _2eng
041 _aeng
084 _qCRL
100 _aRobert L. Heath; H. Dan O'Hair
_91174054
245 0 _aHandbook of Risk and Crisis Communication
260 _bTaylor and Francis
260 _c2009
365 _a
365 _b420
856 _uhttp://www.taylorfrancis.com/books/9780203891629
942 _cEBOOK
999 _c1771744
_d1771744